logo

Bir Sreshtho Munshi Abdur Rouf Library
Jhenaidah Cadet College

বরফ গলা নদী / (Record no. 858)

MARC details
000 -LEADER
fixed length control field 00645nam a2200229 a 4500
001 - CONTROL NUMBER
JCCL Control Number 858
003 - CONTROL NUMBER IDENTIFIER
JCCL marc code BD-JhCC
005 - DATE AND TIME OF LATEST TRANSACTION
control field 20220615134022.0
008 - FIXED-LENGTH DATA ELEMENTS--GENERAL INFORMATION
fixed length control field 171010s19982010bg |||| ||a| 000 0 ben d
020 ## - INTERNATIONAL STANDARD BOOK NUMBER
International Standard Book Number 9847015201128
035 ## - SYSTEM CONTROL NUMBER
system control number (BD-JhCC)858
040 ## - CATALOGING SOURCE
Original cataloging agency BD-JhCC
Modifying agency BD-JhCC
041 ## - LANGUAGE CODE
Language code of Book ben
082 ## - DEWEY DECIMAL CLASSIFICATION NUMBER
Classification number 891.443
Author mark and Year RAI 2010
100 ## - MAIN ENTRY--PERSONAL NAME
Personal name রায়হান, জহির
245 ## - TITLE STATEMENT
Title বরফ গলা নদী /
Statement of responsibility, etc জহির রায়হান,
260 ## - PUBLICATION, DISTRIBUTION, ETC. (IMPRINT)
Place of publication, distribution, etc ঢাকা :
Name of publisher, distributor, etc অনুপম প্রকাশনী;
Date of publication, distribution, etc 2010
300 ## - PHYSICAL DESCRIPTION
Pagination 95 p.;
Dimensions 22cm.
650 ## - SUBJECT ADDED ENTRY--TOPICAL TERM
Topical term or geographic name as entry element Bangali Novel
942 ## - ADDED ENTRY ELEMENTS (KOHA)
Source of classification or shelving scheme Dewey Decimal Classification
Koha item type Books
Koha issues (borrowed), all copies 28
Holdings
Source of classification or shelving scheme Damaged status Not for loan Home library Current library Shelving location Date of accession Cost, normal purchase price Total Checkouts Full call number Barcode Date last seen Date checked out Copy number Koha item type Source of acquisition
Dewey Decimal Classification     JCC Rouf Library JCC Rouf Library General Stacks 10/10/2017 100.00 9 891.443 RAI 2010 1818 04/19/2020 04/11/2020 C-1 Books  
Dewey Decimal Classification     JCC Rouf Library JCC Rouf Library General Stacks 11/03/2020 120.00 19 891.443 RAI 2010 16230 12/08/2025 11/29/2025 C-2 Books Lt. Gen. Mahfuzur Rahman(10th intake)

JCC Library | Contacts | JCC Home

Last Update on 23 September 2017
Copyright @ 2017-2020 JCC Rouf Library
Rouf Library, Jhenidah Cadet College (JCC), Bangladesh